Chaîne de mots - Personnages Disney - Statistiques

Statistiques générales
  • Ce quiz a été pris 31 404 fois
    31 126 depuis la dernière actualisation
  • Le résultat moyen est 13 sur 28
Statistiques - réponses
Indices Personnages % Correct
La petite sirène Ariel
98%
Elle a visité le pays des merveilles Alice
93%
Il a trouvé un génie dans une lampe Aladdin
90%
Princesse à la très longue chevelure Raiponce
88%
Sœur de Elsa Anna
86%
Compagne de Donald Daisy
76%
Nain aux éternuements incontrôlables Atchoum
75%
Dieu des Enfers Hadès
69%
Bohémienne à Paris Esmeralda
65%
Nain muet et sans barbe Simplet
61%
Empereur inca changé en lama Kuzco
51%
Avec ses gros poings, il va tout casser Ralph
43%
Candélabre parlant Lumière
41%
Le plus idiot des trois hyènes Ed
38%
Avec le dernier dragon, elle cherche les fragments d'une pierre Raya
38%
Princesse du royaume d'Avalor Elena
37%
Fille de la famille Madrigal sans pouvoir Mirabel
34%
Chienne de Wendy, Jean et Michel Darling Nana
31%
Prince transformé en grenouille Naveen
26%
Renard accompagnant Judy Hopps Nick
25%
Majordome kidnappeur de chats Edgar
24%
Ancienne conseillère de Kuzco Yzma
21%
Hibou de Merlin Archimède
20%
Chat ayant rencontré Roublard lors d'un vol de saucisses Oliver
15%
Chien paresseux moins intelligent que celui dont il tire son nom Einstein
13%
Elle s'oppose à son roi qui contrôle les vœux de son peuple Asha
11%
Orang-outan qui voudrait être un homme comme nous Louie
11%
Éléphant ami de Tarzan Tantor
11%
Aucun quiz correspondant
Distribution des résultats
% des personnes avec chaque résultat
Percentile par nombre de réponses
Votre historique - résultats
Vous n’avez pas pris ce quiz depuis la dernière actualisation